=LDR 00000nam 2200000 4500 =001 INLIS000000000033452 =005 20130612135414 =008 ***********************************ind** =035 ##$$a0010-061300000033452 =041 ##$$a ind =082 ##$$a 635.13 =090 ##$$a 635.13, Ruk b =100 ##$$a Rukmana, Rahmat =245 ##$$a Bertanam wortel, Rahmat rukmana =260 ##$$a 21 cm $b Yogyakarta =300 ##$$a 48 hlm, Ilus, 21 cm =850 ##$$a NBPNMAT =990 ##$$a 0001/BPAP-NTB/20142014 =990 ##$$a 1342913429 =990 ##$$a 0001/BPAP-NTB/20142014 =990 ##$$a 01201436179